Iran - Ostany Iranu (podział administracyjny Iranu) - Mapa - Statystyki

Ogólne statystyki
  • Ten quiz został rozwiązany 166 razy
  • Średni wynik to 8 z 31
Odpowiedzi na mapie
Odpowiedzi zakodowano w zielono-czerwonej skali na mapie do tego quizu, zgodnie z poniższymi procentami.
 
Statystyki odpowiedzi
Ostan Siedziba % Poprawnych
Teheran Teheran
94%
Fars Sziraz
51%
Azerbejdżan Wschodni Tebriz
47%
Azerbejdżan Zachodni Urmia
41%
Isfahan Isfahan
41%
Kurdystan Sanandadż
39%
Kom Arak
37%
Chorasan-e Razawi Meszhed
31%
Gilan Raszt
29%
Chuzestan Ahwaz
27%
Kerman Kerman
25%
Mazandaran Sari
25%
Golestan Gorgan
24%
Jazd Jazd
22%
Sistan i Beludżystan Zahedan
22%
Alborz Karadż
20%
Ardabil Ardabil
20%
Hamadan Hamadan
20%
Ilam Ilam
20%
Lorestan Chorramabad
20%
Markazi Arak
20%
Kermanszah Kermanszah
18%
Hormozgan Bandar-e Abbas
16%
Chorasan Północny Bodżnurd
14%
Chorasan Południowy Birdżand
14%
Kazwin Kazwin
14%
Buszehr Buszehr
12%
Zandżan Zandżan
12%
Kohgiluje wa Bujerahmad Jasudż
10%
Semnan Semnan
10%
Czahar Mahal wa Bachtijari Szahr-e Kord
8%
Nie znaleziono quizów pasujących do podanych kryteriów
Rozkład punktacji
Procent ludzi z każdym wynikiem
Percentyl według liczby udzielonych odpowiedzi
Twoja historia wyników
Nie rozwiązałeś tego quizu